Anatomy Drawing School: (Record no. 60773)
[ view plain ]
| 000 -الفاتح | |
|---|---|
| حقل البيانات ثابتة الطول | 00706nam a22002297a 4500 |
| 005 - وقت وتاريخ اخر تعامل مع التسجيلة | |
| رقم الضبط | 20240530110427.0 |
| 008 - عناصر البيانات ثابتة الطول - معلومات عامة | |
| حقل البيانات ثابتة الطول | 150325s2007 xxua f 000 0 eng d |
| 020 ## - الرقم الدولى المعيارى للكتب | |
| الرقم الدولى المعيارى للكتاب | 9783833145315 |
| 040 ## - مصدر الفهرسة | |
| وكالة الفهرسة الأصلية | EG-CaGPL |
| وكالة النسخ | EG-CaGPL |
| 082 04 - رقم تصنيف ديوى العشرى | |
| رقم الطبعة | 21 |
| رقم التصنيف | 743\ |
| رقم المادة | F A |
| 100 1# - المدخل الرئيسى - إسم شخصى | |
| الإسم الشخصى | Feher , Gyorgy |
| 245 10 - بيان العنوان | |
| العنوان | Anatomy Drawing School: |
| بقية العنوان | Human, Animal, Comparative Anatomy \ |
| بيان المسئوليه,etc | Text by Gyorgy Feher ; Drawing by Andras Szunyoghy |
| 260 ## - PUBLICATION, DISTRIBUTION, ETC. (IMPRINT) | |
| تاريخ النشر أو التوزيع | 2007. |
| 300 ## - الوصف المادى | |
| التعداد | 603 p. : |
| تفاصيل ماديه اخرى للوعاء | ill. ; |
| أبعاد الوعاء | 32 cm. |
| 650 0# - المدخل الاضافى بالموضوع-مصطلح موضوعى | |
| مصطلح موضوعي | Anatomy , Artistis |
| 650 0# - المدخل الاضافى بالموضوع-مصطلح موضوعى | |
| مصطلح موضوعي | Drawing |
| التقسيم الفرعي العام | Study and teaching |
| 650 0# - المدخل الاضافى بالموضوع-مصطلح موضوعى | |
| مصطلح موضوعي | Animals in art |
| 700 1# - المدخل الاضافى - اسم شخصى | |
| الإسم الشخصى | Szunyoghy , Andras |
| 942 ## - عناصر المدخل الإضافي( كوها) | |
| مصدر التصنيف او مخطط الترفيف | Dewey Decimal Classification |
| Koha [default] item type | كتاب |
| 260 ## - PUBLICATION, DISTRIBUTION, ETC. (IMPRINT) | |
| -- | England : |
| -- | h.f. ullmann , |
| حالة التراجع | حالة الفقد | مصدر التصنيف او خطة الترفيف | حالة تلف | ليس للاعارة | المكان المؤقت | الموقع الحالى | تاريخ الاكتساب | اجمالي اﻻعارات | رقم الطلب | الباركود | تاريخ اخر مشاهدة | تاريخ تفعيل السعر | نوع وعاء كوها |
|---|---|---|---|---|---|---|---|---|---|---|---|---|---|
| ddc | مكتبة القاهرة الكبرى | مكتبة القاهرة الكبرى | 03/25/2015 | 743\ F A | 159891 | 03/25/2015 | 03/25/2015 | كتاب |

